Оптимизация + автоматизация: Задачи информатизации в библиотечном деле; Библиотечное дело; № 1

Dades bibliogràfiques
Parent link:Библиотечное дело: ежемесячный журнал.— , 2003-
№ 1.— 2005.— С. 27-28
Altres autors: Карауш А. С. Александр Сергеевич, Серов А. Андрей
Idioma:rus
Publicat: 2005
Col·lecció:Информационные технологии
Matèries:
Format: MixedMaterials Capítol de llibre
KOHA link:https://koha.lib.tpu.ru/cgi-bin/koha/opac-detail.pl?biblionumber=397493

MARC

LEADER 00000naa2a2200000 4500
001 397493
005 20231101064907.0
035 |a (RuTPU)RU\TPU\prd\36501 
035 |a RU\TPU\prd\36500 
090 |a 397493 
100 |a 20050610a2005 k y0rusy50 ca 
101 0 |a rus 
102 |a RU 
200 1 |a Оптимизация + автоматизация  |e Задачи информатизации в библиотечном деле  |f [С А. С. Караушем беседовал А. Серов] 
225 1 |a Информационные технологии 
461 0 |0 (RuTPU)RU\TPU\prd\12643  |t Библиотечное дело  |o ежемесячный журнал  |d 2003- 
463 0 |0 (RuTPU)RU\TPU\prd\36401  |t № 1  |v С. 27-28  |d 2005 
610 1 |a библиотеки 
610 1 |a информационные технологии 
610 1 |a стратегия 
610 1 |a проблемы 
610 1 |a Томск 
610 1 |a библиотечное дело 
610 1 |a автоматизация 
610 1 |a оптимизация 
610 1 |a информатизация 
702 1 |a Карауш  |b А. С.  |g Александр Сергеевич  |4 460 
702 1 |a Серов  |b А.  |g Андрей  |4 470 
801 1 |a RU  |b 63413507  |c 20050610  |g PSBO 
801 2 |a RU  |b 63413507  |c 20060619  |g PSBO 
942 |c BK